| 000 | 01265 a2200157 4500 | ||
|---|---|---|---|
| 003 | OSt | ||
| 005 | 20260206144928.0 | ||
| 008 | 260206b |||||||| |||| 00| 0 eng d | ||
| 020 | _a9789395664288 | ||
| 100 |
_aगोविलकर वि. _9216661 |
||
| 245 | _aभारतीय अर्थव्यवस्था @75 | ||
| 260 |
_bभारतीय विचार साधना प्रकाशन _c2022 _aपुणे |
||
| 300 | _a127pp. | ||
| 520 | _aही जगातील ५ वी सर्वात मोठी अर्थव्यवस्था बनली आहे, जी सुमारे \(\$4\)-ट्रिलियन GDP सह वेगाने वाढणारी प्रमुख अर्थव्यवस्था आहे Bajaj Finserv. कृषी, सेवा आणि उत्पादन क्षेत्रातील प्रगतीमुळे मिश्र अर्थव्यवस्थेचे स्वरूप बदलून ती जागतिक स्तरावर एक प्रमुख गुंतवणूक केंद्र आणि डिजिटल अर्थव्यवस्थेकडे वाटचाल करत आहे. | ||
| 942 |
_cBK _2ddc |
||
| 999 |
_c370067 _d370067 |
||